Verejné obstarávanie - novela zákona

Základné právne normy. Požiadavky na úpravu pôvodného zákona. Proces elektronizácie. Zákonom prijaté lehoty. Finančné limity. Zmeny v postupoch zadávania zákaziek na neprioritné služby. Zmeny v požiadavkách na preukazovanie osobného postavenia. Stanovenie podmienok účasti a kritérií na hodnotenie po...

Descrizione completa

Salvato in:
Dettagli Bibliografici
Autore principale: Lörinc, Drahoslav
Natura: Capitolo di libro
Lingua:slovacco
Soggetti:
Tags: Aggiungi Tag
Nessun Tag, puoi essere il primo ad aggiungerne!!

MARC

LEADER 00000naa$a2200000$$$4500
001 0091838
005 20231120113326.1
041 0 |a slo 
044 |a SK 
245 1 0 |a Verejné obstarávanie - novela zákona  |c Drahoslav Lörinc 
520 |a Základné právne normy. Požiadavky na úpravu pôvodného zákona. Proces elektronizácie. Zákonom prijaté lehoty. Finančné limity. Zmeny v postupoch zadávania zákaziek na neprioritné služby. Zmeny v požiadavkách na preukazovanie osobného postavenia. Stanovenie podmienok účasti a kritérií na hodnotenie ponúk. 
610 2 0 |a obstarávanie verejné 
610 2 0 |a legislatíva 
610 2 0 |a elektronizácia 
610 2 0 |a zákony 
610 2 0 |a novelizácia 
100 1 |a Lörinc, Drahoslav